[Event "Moscow Aeroflot op-A"]
[Site "Moscow"]
[Date "2007.02.22"]
[Round "9"]
[White "Volkov, Sergey"]
[Black "Balogh, Csaba"]
[Result "1-0"]
[WhiteElo "2636"]
[BlackElo "2616"]
[Annotator "Reeh,O"]
[PlyCount "63"]
[EventDate "2007.02.14"]
[EventType "swiss"]
[EventRounds "9"]
[EventCountry "RUS"]
[SourceTitle "CBM 117"]
[Source "ChessBase"]
[SourceDate "2007.03.30"]
[SourceVersion "1"]
[SourceVersionDate "2007.03.30"]
[SourceQuality "1"]

1. d4 Nf6 2. c4 e6 3. Nc3 Bb4 4. e3 O-O 5. Nge2 d5 6. a3 Bd6 7. Ng3 c5 8. dxc5
Bxc5 9. b4 Bb6 10. Na4 Bc7 11. Bb2 Nc6 12. cxd5 $146 exd5 13. Be2 Qe7 14. O-O
Rd8 15. Rc1 d4 {Black tries to solve the problem of his isolated pawn on d5
tactically, using the fact that White's knights lack control over d4. Schwarz
versucht, das Problem seines d5-Isolanis auf taktische Weise zu lösen, die
Tatsache nutzend, dass keinder der weißen Springer den Punkt d4 kontrolliert.}
16. exd4 Be5 {[%tqu "En","Black is threatening to win back this pawn on d4
with good play. What can White do?","Find a way for White to keep the
initiative.","White's next move exploits the weakness of Black's back rank.",
"d4e5","Simple and strong!  This positional sacrifice gives White rook, bishop
and pawn for the queen.",10,"De","Schwarz droht, seinen Bauern auf d4 mit
gutem Spiel zurückzugewinnen. Was soll Weiß tun?","Finden Sie für Weiß einen
Weg, die Initiative zu bewahren.","Eine wichtige Rolle spielt die Schwäche der
schwarzen Grundreihe.","d4e5","Simple and strong!  This positional sacrifice
gives White rook, bishop and pawn for the queen.",10]} 17. dxe5 $1 {A very
healthy positional sacrifice. White is fully mobilized and gets rook, bishop
and pawn for the queen. Ein kerngesundes positionelles Opfer. Weiß ist voll
mobilisiert und erhält Turm, Läufer und Bauer für die Dame.} Rxd1 18. Rfxd1 Ne8
(18... Nxe5 $2 {fails to scheitert an} 19. Bxe5 Qxe5 20. Rd8+ Ne8 21. Rcxc8 $18
) 19. b5 Nd8 20. Nc5 Ne6 21. Nce4 Nf4 22. Bf3 Be6 23. Nd6 Rb8 24. Ngf5 (24.
Nge4 {would have kept up the pressure. hätte den Druck aufrechterhalten.})
24... Qg5 ({Black could have eased White's pressure a bit by Schwarz hätte den
weißen Druck etwas mindern können mit} 24... Bxf5 25. Nxf5 Qe6) 25. h4 $1 {
Now White is back on track! Jetzt ist Weiß wieder obenauf!} Nh3+ {Practically
forced. Praktisch erzwungen.} 26. Kf1 Qf4 27. Ne7+ $2 {This gives Black
counterchances. Dies gibt Schwarz Gegenchancen.} ({Good was the simple Gut war
das einfache} 27. Nxe8 Bxf5 (27... Rxe8 28. Nd6) 28. Nd6 {and White keeps
control. und Weiß behält die Stellung im Griff.}) 27... Kf8 28. Nd5 Qh2 $1 ({
Also after Auch nach} 28... Qxh4 29. gxh3 Bxh3+ 30. Ke1 Nxd6 31. exd6 Re8+ {
White's exposed king would always offer Black counterchances. würde der
exponierte König von Weiß Schwarz immer Gegenchancen bieten.}) 29. gxh3 Bxh3+
$2 ({Necessary was Notwendig war} 29... Nxd6 30. exd6 Bxh3+ 31. Ke2 Qxd6 {
, and despite White's material advantage the position is not clear, sind his
pieces don't harmonize well and his king is unsafe. , und trotz des
Materialvorteils von Weiß ist die Stellung nicht klar, da seine Figuren nicht
zusammenwirken und sein König unsicher steht.}) 30. Ke2 Bg2 ({Now it's too
late for Nun ist es zu spät für} 30... Nxd6 {since this would be met by the
same move as in the game. denn es käme derselbe Zug wie in der Partie.}) {
[%tqu "En","White has a clear material plus, but his king is a bit exposed and
a queen is still a queen. How would you continue?","Don't allow Black to make
any fuss with his queen.","Trap the black lady!","d1h1","By far the strongest!
Black's queen gets trapped on h2!",10,"De","Weiß hat ein klares Materialplus,
aber sein König ist steht ein bisschen exponiert und eine Dame ist immer eine
Dame. Wie würden Sie fortsetzen?","Erlauben Sie Schwarz nicht, mit seiner Dame
irgendwelche Spirenzchen zu machen.","Fangen Sie die schwarze Lady!","d1h1",
"Mit Abstand am stärksten - die schwarze Dame wird auf h2 einfach abgeholt!",
10]} 31. Rh1 $1 Bxh1 32. Rxh1 {and the queen is caught in the net! und die
Dame zappelt im Fangnetz!} 1-0

[Event "Candidates FIDE sf3"]
[Site "Sanghi Nagar"]
[Date "1994.??.??"]
[Round "5"]
[White "Salov, Valery"]
[Black "Timman, Jan H"]
[Result "1/2-1/2"]
[WhiteElo "2710"]
[BlackElo "2635"]
[Annotator "Salov,V"]
[PlyCount "122"]
[EventDate "1994.07.??"]
[EventType "match"]
[EventRounds "8"]
[EventCountry "IND"]
[SourceTitle "CBM 042"]
[Source "ChessBase"]
[SourceDate "1994.10.01"]
[SourceVersion "1"]
[SourceVersionDate "1994.10.01"]
[SourceQuality "1"]

1. d4 {Ftacnik} Nf6 2. c4 e6 3. Nc3 Bb4 4. e3 O-O 5. Nge2 d5 6. a3 Be7 7. cxd5
exd5 8. b4 Nbd7 9. Ng3 Re8 10. Bd3 c6 11. O-O Bd6 (11... Nb6 {Ftacnik}) 12. b5
(12. Nf5 {Ftacnik} Bc7 13. f3 Nb6 $132) (12. f3 {Ftacnik} a5 13. b5 c5 14. Nf5
Bc7 15. dxc5 Nxc5 16. Bc2 Bxf5 17. Bxf5 Be5 $13) 12... c5 13. a4 b6 (13... c4 {
Ftacnik} 14. Bc2 Nf8 15. f3 {/\ e4}) 14. Ba3 $5 (14. Nxd5 Bxg3 $1 (14... Nxd5
15. Bxh7+ Kxh7 (15... Kh8 16. Be4 Rxe4 17. Qh5+ Kg8 18. Qxd5) (15... Kf8 16.
dxc5 $36) 16. Qh5+ Kg8 17. Qxd5 Bxg3 18. fxg3 Rb8 19. Qxf7+ Kh8 20. Rf4 Rf8 (
20... Nf6 21. Rh4+ Nh7 22. Qg6) 21. Qh5+ Kg8 22. Qd5+ Kh7 23. Rh4+ Kg6 24. Qh5+
Kf6 25. e4 $18) 15. Nxf6+ Nxf6 16. hxg3 cxd4 17. exd4 Bb7 $44) 14... Bb7 15. a5
(15. Nf5 {Ftacnik} Bf8 16. dxc5 bxc5 17. Rc1 g6 $13) 15... bxa5 16. Nf5 $1 (16.
Na4 Bxg3 $1 17. hxg3 cxd4 18. exd4 a6 $132) 16... Bf8 17. Na4 c4 (17... cxd4 {
Ftacnik} 18. Bxf8 Nxf8 19. Nc5 Rb8 20. exd4 $36) 18. Bc2 Bxa3 (18... Bb4 $5) (
18... Qc7 {Ftacnik} 19. Bxf8 Kxf8 20. Qc1 Kg8 21. Qa3 $36) 19. Rxa3 Qc7 20. Nc3
a6 (20... g6 {Ftacnik} 21. Ng3 a6 $15) 21. b6 $1 Nxb6 (21... Qxb6 {Ftacnik} 22.
Qa1 g6 23. Rb1 Qc7 24. Rxb7 Qxb7 25. Nd6 Qc6 26. Nxe8 Rxe8 27. Rxa5 Ra8 28. Ba4
Qd6 29. Bxd7 Qxd7 30. Rxa6 $14) 22. Rxa5 g6 $6 (22... Nbd7 $142 23. Qa1 Ng4 24.
Ng3 h5 $132) 23. Ng3 Bc6 $6 (23... Nc8 $5) 24. Qa1 Nbd7 25. Rb1 (25. Rxa6 $2 {
Ftacnik} Rxa6 26. Qxa6 Ra8 27. Nb5 Rxa6 28. Nxc7 Ra7 $19) 25... Reb8 26. Rd1 (
26. Rxa6 $2 {Ftacnik} Rxa6 27. Qxa6 Ra8 28. Nb5 Rxa6 29. Nxc7 Ra7 30. Nb5 Ra2
$19) 26... Qb6 $1 27. Rb1 Qc7 28. Rxb8+ Qxb8 29. Nge2 (29. Rxa6 {Ftacnik} Rxa6
30. Qxa6 Qb2 31. Qxc6 Qxc3 32. Qa8+ Kg7 33. Qa2 Qe1+ 34. Nf1 Ng4 35. Ba4 Nb6
36. Bb5 Nxh2 37. Kxh2 Qxf1 38. Qa6 Qxf2 39. Qxb6 Qxe3 $5 $13 (39... Qh4+ 40.
Kg1 Qe1+ $10)) 29... Bb7 30. Qa3 Qf8 $6 31. Qxf8+ Kxf8 32. Nf4 Ke7 33. f3 $1
$16 (33. Nfxd5+ {Ftacnik} Nxd5 34. Nxd5+ Bxd5 35. Rxd5 a5 $15) 33... Nb6 $6 (
33... Kd6 {Ftacnik} 34. e4 dxe4 35. fxe4 Kc7 36. e5 $44) 34. Kf2 (34. e4 {
Ftacnik} Rd8 35. e5 Ne8 {/\ Nc7}) 34... g5 35. Nfe2 h6 36. h3 $1 (36. Ng3 {
Ftacnik} Bc8 37. e4 dxe4 38. fxe4 Ng4+ 39. Kg1 Ne3 $15) 36... Bc8 37. e4 $1 Be6
38. Ke3 $18 Kd7 (38... Kd8 {Ftacnik}) 39. Ba4+ $2 (39. Nc1 $1 {/\Nc1-a2-b4,+-})
39... Kc7 (39... Nxa4 {Ftacnik} 40. Nxa4 Kc6 41. Nec3 $36) 40. Rc5+ $6 Kd8 $1
41. Bc6 Rc8 $1 42. Bb7 (42. exd5 Bxd5 (42... Bd7 43. Ng3 $14) 43. Nxd5 Nbxd5+
44. Rxd5+ Nxd5+ 45. Bxd5 a5 $1 $132 (45... a5 {Ftacnik} 46. Kd2 a4 47. Nc3 a3
48. Bxf7 $14)) 42... Rxc5 (42... Rb8 {Ftacnik} 43. Bxa6 $14) 43. dxc5 Kc7 $1 (
43... Nbd7 {Ftacnik} 44. Kd4 dxe4 45. fxe4 a5 46. Ba6 $14) 44. Bxa6 (44. cxb6+
{Ftacnik} Kxb7) 44... dxe4 $1 $8 (44... Nbd7 {Ftacnik} 45. exd5 Nxd5+ 46. Nxd5+
Bxd5 47. Kd4 Be6 48. Bxc4 Kc6 49. Bxe6 fxe6 50. Nc3 Nxc5 51. Ke5 $14) 45. Nxe4
(45. cxb6+ Kxb6 46. Bb5 exf3 47. Kxf3 (47. gxf3 Kc5 48. Ng1 h5 $10) 47... Kc5
$44 (47... g4+ {Ftacnik} 48. hxg4 Kc5 $10)) (45. fxe4 Nbd7 46. Kd4 Nb8 47. Bb5
Nc6+ 48. Bxc6 Kxc6 49. Na4 $14) 45... Nbd5+ 46. Kd4 Nxe4 47. fxe4 (47. Kxe4 {
Ftacnik} c3 48. Bd3 Nb4 49. Nxc3 Kc6 $10) 47... Nb4 $1 48. Bxc4 Nc2+ 49. Kc3
Bxc4 50. Kxc4 Ne3+ 51. Kb5 Nxg2 52. Nc3 Nf4 53. Nd5+ Kc8 (53... Nxd5 {Ftacnik}
54. exd5 h5 55. d6+ Kd7 56. Kb6 g4 57. c6+ Kxd6 58. c7 $18) 54. c6 h5 $10 55.
Kb6 Ne6 (55... Nxd5+ $2 {Ftacnik} 56. exd5 g4 57. d6 gxh3 58. d7+ Kd8 59. c7+
Kxd7 60. Kb7 $18) 56. Ne7+ Kd8 57. Nf5 f6 58. Kb7 (58. Ne3 {Ftacnik} Kc8 59.
Nd5 g4 60. hxg4 hxg4 61. Ne7+ Kd8 62. Nf5 Kc8 $10) 58... Nc5+ 59. Kb8 Na6+ 60.
Kb7 Nc5+ 61. Kb8 Na6+ 1/2-1/2

[Event "Canadian op"]
[Site "Edmonton"]
[Date "2009.07.18"]
[Round "8"]
[White "Bluvshtein, Mark"]
[Black "Shirov, Alexei"]
[Result "1/2-1/2"]
[WhiteElo "2558"]
[BlackElo "2732"]
[Annotator "Shabalov,A"]
[PlyCount "77"]
[EventDate "2009.07.11"]
[EventType "swiss"]
[EventRounds "9"]
[EventCountry "CAN"]
[SourceTitle "CBM 132 Extra"]
[Source "ChessBase"]
[SourceDate "2009.11.03"]
[SourceVersion "1"]
[SourceVersionDate "2009.11.03"]
[SourceQuality "1"]

1. d4 Nf6 2. c4 e6 3. Nc3 Bb4 4. e3 O-O 5. Nge2 d5 6. a3 Be7 7. Nf4 c6 8. Bd3 {
It is for a reason the mainline is} (8. cxd5 exd5 9. Bd3) 8... Nbd7 $6 {
It is hard to question the decision by a Slav player to get into an Exchange
Slav type of position with the bishop on c8 instead of a standard Meran
position with white knight on f4. Safety must have been Alexey's priority in
this game.} (8... dxc4 9. Bxc4 Nbd7 10. Qc2 e5 11. Nfe2 exd4 12. Nxd4 Ne5 13.
Be2 Bc5 14. b4 Bb6 15. Nf5 g6 16. Ng3 h5 $15 {1/2 (45) Kortschnoj,V (2623)
-Khalifman,A (2624)/Sochi 2007/CBM}) 9. cxd5 cxd5 10. Qf3 a6 11. g4 e5 $5 {
Good practical decision. It does not equalize completely, but certainly
changes everything on the board.} 12. Nfxd5 exd4 13. exd4 Nxd5 14. Qxd5 $6 {
Safe move, which allows Black to liquidate into a slightly worse endgame. More
challenging was} (14. Nxd5 Nf6 15. Nxf6+ Bxf6 16. Be3 g6 17. Qf4 $14 {keeping
an extra pawn.}) 14... Nb6 15. Qxd8 Rxd8 16. Be2 Bf6 17. Be3 Bxd4 18. Rd1 Bxc3+
19. bxc3 Rxd1+ 20. Kxd1 Nd5 21. Bd4 Bd7 22. Kd2 Bc6 23. Re1 Re8 24. Bc4 Rxe1
25. Kxe1 {# On paper, this endgame is better for White, but this is not a
problem for the disciplined defender Alexey has become.} f6 26. f3 Kf7 27. h4
g6 28. Kf2 f5 29. Kg3 Ke6 30. Bb3 b5 31. c4 bxc4 32. Bxc4 Bb5 33. Bb3 {It is
impossible to even create winning chances here without another weakness in
Black's camp.} (33. gxf5+ {was one of the options. With the pawn on g4,
playing h5 was another.}) 33... fxg4 34. Kxg4 Be2 35. Bc2 Ne7 36. Be4 Nf5 37.
Bc5 Kf6 38. Bf2 Nd6 39. Bd4+ 1/2-1/2

[Event "Gothenburg"]
[Site "Gothenburg"]
[Date "1996.??.??"]
[Round "3"]
[White "Shulman, Yuri"]
[Black "Chernin, Alexander"]
[Result "1/2-1/2"]
[WhiteElo "2520"]
[BlackElo "2620"]
[Annotator "Shulman,Y"]
[PlyCount "64"]
[EventDate "1996.08.??"]
[EventType "tourn"]
[EventRounds "9"]
[EventCountry "SWE"]
[EventCategory "10"]
[SourceTitle "CBM 056"]
[Source "ChessBase"]
[SourceDate "1997.02.01"]
[SourceVersion "1"]
[SourceVersionDate "1997.02.01"]
[SourceQuality "1"]

1. d4 Nf6 2. c4 e6 3. Nc3 Bb4 4. e3 O-O 5. Nge2 d5 6. a3 Bd6 7. c5 Be7 8. b4 b6
9. Nf4 a5 (9... bxc5 10. bxc5 Ba6 11. Bxa6 Nxa6 12. O-O Nb8 13. Bd2 Nc6 14. Qa4
Qd7 15. Nd3 a5 16. f3 Rfd8 17. Rfb1 $14 {Saidy,A-Fischer,R/USA-ch 1960}) (9...
c6 10. Be2 (10. Nd3 Nbd7 11. f4 a5 12. Bd2 Ne4 13. Nxe4 dxe4 14. Nb2 axb4 15.
axb4 Rxa1 16. Qxa1 b5 17. Nd1 f5 18. Nc3 g5 $36 {Lombardy,W-Larsen,B/Reykjavik
25/661 1978}) 10... Nbd7 11. Nd3 a5 12. Bb2 Ba6 13. O-O Qc7 14. f3 bxc5 15.
bxc5 Rfb8 16. Rb1 Bc4 17. e4 Qa7 18. e5 Ne8 19. f4 $14 {Gomez Estaban,
JM-Pogorelov,R/Sevilla open 1994}) 10. Bb2 (10. Rb1 axb4 11. axb4 bxc5 12. bxc5
Ba6 13. Bxa6 Rxa6 14. Qd3 Ra8 15. Qb5 Qd7 16. Qxd7 Nbxd7 17. Bd2 c6 18. Nd3
Rfc8 19. Ke2 Kf8 20. Ra1 Ke8 21. f3 $14 {Dzindzichashvili,R-Krogius,N/URS-ch39
Leningrad 1971}) 10... c6 (10... bxc5 11. bxc5 Ba6 12. Bxa6 Rxa6 13. O-O Nc6
14. Rb1 Qd7 15. Nd3 Raa8 16. Ne5 Nxe5 17. dxe5 Ne8 18. e4 c6 19. Na4 Rb8 20.
Bc3 $14 {Taimanov,M-Krogius,N/URS-ch34 Tbilisi 1966}) 11. Be2 Nbd7 12. O-O Ba6
13. Bxa6 Rxa6 14. Nd3 Qa8 15. Qe2 (15. Na4 axb4 16. axb4 b5 17. Nc3 Rxa1 18.
Qxa1 Qb7 19. f3 Ne8 20. e4 Nc7 21. Qe1 Bf6 22. e5 Be7 23. f4 $14 {Skalkotas,
N-Foisor,O/Greece 1985}) 15... Ne8 16. e4 dxe4 17. Nxe4 Nef6 18. Nc3 (18. Ne5
$6 Nxe5 19. Nxf6+ Bxf6 20. dxe5 Be7 21. Rac1 (21. cxb6 Rxb6 22. Bc3 a4 23. Bd4
Rb5 $15) 21... axb4 22. axb4) 18... Ra7 (18... Rb8 19. d5 $1 Nxd5 20. Nxd5 cxd5
21. c6 Nf6 (21... Qxc6 22. Ne5 $18) 22. b5 Ra7 23. Be5 $36) 19. Ne5 Qb7 (19...
Nxe5 20. dxe5 (20. cxb6 Nf3+ $1 21. Qxf3 Ra6) 20... Nd7 21. cxb6 Nxb6 22. Ne4 {
/\Nf6} Nd5 23. Bd4 Rb7 24. Bc5 $14) 20. b5 (20. Nxd7 Nxd7 21. d5 $6 cxd5 (21...
axb4 22. axb4 Rxa1 23. Rxa1 cxd5 24. Qb5 Rc8 $17) 22. c6 (22. Nb5 bxc5 (22...
Qa6 $6 23. c6 Bf6 24. bxa5 $16) 23. Nxa7 Qxa7 $44) 22... Qxc6 23. Nb5 Qa8 (
23... Raa8 $2 24. Rac1) 24. Nxa7 Qxa7 25. Rfc1 $14) 20... Nxe5 21. dxe5 Nd7 22.
bxc6 Qxc6 23. Nb5 Rb7 24. cxb6 (24. Nd6 Rbb8 $15) (24. Nd4 Qxc5 25. Rac1 Qxe5)
24... Nxb6 (24... Rxb6 25. a4 $10) 25. Rac1 Qd5 26. Rfd1 Qa2 27. Nd6 Rbb8 (
27... Bxd6 28. exd6 Na4 29. d7 Rxb2 30. Rc8 $18) 28. Ra1 Qb3 29. Rd3 Qa4 30.
Rd4 Qb3 31. Rd3 Qa4 32. Rd4 (32. Rc1 Rfd8 33. Rd4 Qb3 34. Rc3 Qa2 35. h4 $5 Nd5
36. Rc2 Bxd6 37. exd6 Rxd6 38. Rg4 f6 39. Be5 $1 Qb1+ 40. Kh2 fxe5 41. Qxe5 Rd7
42. Qxe6+ Rf7 43. Rc8+ Rxc8 44. Qxc8+ Rf8 45. Qe6+ Kh8 46. Qxd5 Qb8+ 47. Rg3
Rxf2 48. Qxa5 $14) 32... Qb3 1/2-1/2